| 000 | 00515nam a2200145 a 4500 | ||
|---|---|---|---|
| 008 | 120416s0000 ||||||||||||||||| || u | ||
| 020 | _a0906322022 | ||
| 050 | _aHF 5635 Fra | ||
| 100 | _aFrankel, M. R | ||
| 245 | 1 | 4 | _aThe preparation of group accounts |
| 260 |
_aLondon _bFinancial Training Publications _c1979 |
||
| 300 | _av, 259p. : ill | ||
| 350 | _a0.00 | ||
| 995 |
_D0.00 _FCBU-MAIN LIBRARY (Kitwe) _H1 _I7.50 _UAVAILABLE _ZAnnex Low-Usage Collection |
||
| 999 |
_c54383 _d54383 |
||